Computer-integrated design and manufacturing / (رقم التسجيلة. 180637)

تفاصيل مارك
000 -LEADER
fixed length control field 01048pamaa22003011i 4500
003 - CONTROL NUMBER IDENTIFIER
control field EG-GICUC
005 - DATE AND TIME OF LATEST TRANSACTION
control field 20260628141255.0
008 - FIXED-LENGTH DATA ELEMENTS--GENERAL INFORMATION
fixed length control field 901130s1991 nyua jrb 000 0 eng
020 ## - INTERNATIONAL STANDARD BOOK NUMBER
International Standard Book Number 0070042047 :
Terms of availability $41.95
020 ## - INTERNATIONAL STANDARD BOOK NUMBER
International Standard Book Number 9780070042049
040 ## - CATALOGING SOURCE
Original cataloging agency EG-GICUC
Transcribing agency EG-GICUC
Modifying agency EG-GICUC
Language of cataloging eng
050 00 - LIBRARY OF CONGRESS CALL NUMBER
Classification number 670.285
Item number B3914
082 00 - DEWEY DECIMAL CLASSIFICATION NUMBER
Classification number 670.285
Edition number 20
Item number B3914
092 04 - LOCALLY ASSIGNED DEWEY CALL NUMBER (OCLC)
Edition number 21
Classification number 670.285
Item number B3914
099 ## - LOCAL FREE-TEXT CALL NUMBER (OCLC)
Classification number 670.285 B3914
100 1# - MAIN ENTRY--PERSONAL NAME
Personal name Bedworth, David D.
Relator term Author.
245 10 - TITLE STATEMENT
Title Computer-integrated design and manufacturing /
Statement of responsibility, etc. David D. Bedworth, Mark R. Henderson, Philip M. Wolfe.
260 ## - PUBLICATION, DISTRIBUTION, ETC.
Place of publication, distribution, etc. New York :
Name of publisher, distributor, etc. McGraw-Hill,
Date of publication, distribution, etc. c1991.
264 ## - PRODUCTION, PUBLICATION, DISTRIBUTION, MANUFACTURE, AND COPYRIGHT NOTICE
Place of production, publication, distribution, manufacture New York :
Name of producer, publisher, distributor, manufacturer McGraw-Hill,
Date of production, publication, distribution, manufacture, or copyright notice c1991.
300 ## - PHYSICAL DESCRIPTION
Extent xix, 653 pages. :
Other physical details illustration. ;
Dimensions 24 cm.
440 #0 - SERIES STATEMENT/ADDED ENTRY--TITLE
Title McGraw-Hill series in industrial engineering and management science
504 ## - BIBLIOGRAPHY, ETC. NOTE
Bibliography, etc. note Includes bibliographical references and indexes.
650 #0 - SUBJECT ADDED ENTRY--TOPICAL TERM
Topical term or geographic name entry element CAD/CAM systems.
700 1# - ADDED ENTRY--PERSONAL NAME
Personal name Henderson, Mark Richard,
Dates associated with a name 1949-
700 1# - ADDED ENTRY--PERSONAL NAME
Personal name Wolfe, Philip,
Dates associated with a name 1941-
905 ## - Cataloger and Reviser Names
Cataloger Name Hany
942 ## - ADDED ENTRY ELEMENTS (KOHA)
Source of classification or shelving scheme Dewey Decimal Classification
Koha item type Books
Edition 21
Suppress in OPAC No
المقتنيات
Withdrawn status Lost status Source of classification or shelving scheme Damaged status Not for loan Home library Current library Date acquired Total checkouts Full call number Barcode Date last seen Price effective from Koha item type
    Dewey Decimal Classification   Not for loan مكتبة جامعة القاهرة الاهلية قاعة الهندسة 28.06.2026   670.285 B3914 02010028300000 28.06.2026 28.06.2026 Books
Cairo University Libraries Portal Implemented & Customized by: Eng. M. Mohamady Contacts: new-lib@cl.cu.edu.eg | cnul@cl.cu.edu.eg
CUCL logo CNUL logo
© All rights reserved — Cairo University Libraries
CUCL logo
Implemented & Customized by: Eng. M. Mohamady Contact: new-lib@cl.cu.edu.eg © All rights reserved — New Central Library
CNUL logo
Implemented & Customized by: Eng. M. Mohamady Contact: cnul@cl.cu.edu.eg © All rights reserved — Cairo National University Library